000 003320000a22001450004500
003 MACL
040 _aMACL
090 _c9007
_d9006
100 _aGopal, S
245 _aSelected Works of Jawaharlal Nehru
_bVolume 10
260 _bOxford University Press
_c1990
350 _a200
650 _aGeneral Collection
942 _cBOOK
_k080
999 _c8952
_d8952